[Event "COL-ch sf "]
[Site "Medellin"]
[Date "2010.06.06"]
[Round "3"]
[White "Panesso Rivera, Henry"]
[Black "Sanchez Liecano, Sebastian Felipe"]
[Result "0-1"]
[WhiteElo "2278"]
[BlackElo "2171"]
[PlyCount "140"]
[EventDate "2010.06.05"]
[EventType "swiss"]
[EventRounds "11"]
[EventCountry "COL"]
[SourceTitle "CBM 136 Extra"]
[Source "ChessBase"]
[SourceDate "2010.07.02"]
[SourceVersion "2"]
[SourceVersionDate "2010.07.15"]
[SourceQuality "1"]

1. d4 d5 2. c4 c6 3. Nf3 Nf6 4. e3 e6 5. b3 Nbd7 6. Bd3 Bd6 7. Bb2 0-0 8. 0-0 Qe7 9. Ne5 Ne8 10. Nd2 f5 11. Qc2 Rf6 12. cxd5 exd5 13. f4 Rf8 14. g4 g6 15. gxf5 gxf5 16. Kh1 Kh8 17. Rg1 Ndf6 18. Bxf5 Bxf5 19. Qxf5 Ne4 20. Qh5 Bxe5 21. Nxe4 Bxf4 22. exf4 Qxe4+ 23. Rg2 Nf6 24. Qg5 Rf7 25. Rag1 Rg8 26. Qe5 Rxg2 27. Rxg2 Rg7 28. Qxe4 Nxe4 29. Bc1 Rxg2 30. Kxg2 Kg7 31. Kf3 Kg6 32. Kg4 Nf6+ 33. Kf3 Kf5 34. Bd2 Nh5 35. h3 a6 36. a4 Ng7 37. a5 h5 38. b4 Ne6 39. Be3 h4 40. Bf2 Nxf4 41. Bxh4 Nxh3 42. Bd8 Nf4 43. Bc7 Ne6 44. Bb6 Ng5+ 45. Ke3 Kg4 46. Bc7 Nf7 47. Bf4 Nd8 48. Bc7 Ne6 49. Be5 Nf8 50. Bd6 Ng6 51. Bc7 Ne7 52. Be5 Nf5+ 53. Kf2 Nh6 54. Ke3 Nf7 55. Bf4 Ng5 56. Bc7 Ne4 57. Be5 Nc3 58. Kd2 Nb1+ 59. Ke3 Na3 60. Bc7 Nc2+ 61. Kd3 Nxb4+ 62. Kc3 c5 63. dxc5 Nc6 64. Kd3 Kf5 65. Bb6 Ke5 66. Bc7+ Ke6 67. Kc3 Kd7 68. Bb6 Ne7 69. Kb4 Nc8 70. c6+ Kxc6 0-1